LEADER 02100nam 2200481 450 001 9910460430303321 005 20200123091139.0 010 $a2-8062-6144-9 035 $a(CKB)3710000000401440 035 $a(EBL)2030148 035 $a(MiAaPQ)EBC2030148 035 $a(PPN)233409289 035 $a(Au-PeEL)EBL2030148 035 $a(OCoLC)904408750 035 $a(EXLCZ)993710000000401440 100 $a20200123d2014 uy 0 101 0 $afre 135 $aur|n|---||||| 181 $ctxt$2rdacontent 182 $cc$2rdamedia 183 $acr$2rdacarrier 200 10$aComment ge?rer le stress au travail ? $eles conseils a? connai?tre pour s'en sortir /$fpar Ge?raldine de Radigue?s 210 1$a[Place of publication not identified] :$c50Minutes,$d[2014] 210 4$d©2014 215 $a1 online resource (33 p.) 225 0 $aCoaching pro ;$vNume?ro 2 300 $aDescription based upon print version of record. 311 $a2-8062-6145-7 327 $aPage de titre; Comment gérer le stress au travail ?; B.a.-ba du travailleur stressé; Qu'est-ce que le stress ?; La fuite; La lutte; L'inertie; Le stress, indicateur des limites personnelles; Dépasser le stress pour être soi; Passer de la survie à plus de créativité; La relation action-réaction; Le cloisonnement; De la survie à la créativité; Le stress en entreprise; Le contexte social; Les symptômes du stress au travail; Top conseils; FAQ; À quoi sert le stress ?; Comment reconnaître le stress ?; Que cache le stress ?; Comment vivre aux côtés d'un collègue stressé ? 327 $aComment évacuer le stress ?En résumé; Pour aller plus loin; Copyright 410 0$aCoaching 606 $aJob stress 608 $aElectronic books. 615 0$aJob stress. 676 $a158.72 700 $aRadigue?s$b Ge?raldine de$0855783 801 0$bMiAaPQ 801 1$bMiAaPQ 801 2$bMiAaPQ 906 $aBOOK 912 $a9910460430303321 996 $aComment ge?rer le stress au travail$91910614 997 $aUNINA LEADER 01151nam a2200301 i 4500 001 991001165789707536 005 20020507184442.0 008 940131s1990 ||| ||| | eng 020 $a3540532781 035 $ab10809879-39ule_inst 035 $aLE01308072$9ExL 040 $aDip.to Matematica$beng 082 0 $a001.535 084 $aAMS 68Q05 084 $aCR C.1.3 100 1 $aFogelman Soulié, Françoise$0347669 245 10$aNeurocomputing :$balgorithms, architectures and applications /$cFrancoise Fogelman Soulié, Jeanny Hérault 260 $aBerlin :$bSpringer-Verlag,$c1990 300 $axi, 455 p. ;$c25 cm. 490 0 $aNATO ASI series. Series F, Computer and systems sciences ;$v68 650 4$aModels of computation 700 1 $aHérault, Jeanny$eauthor$4http://id.loc.gov/vocabulary/relators/aut$0736471 907 $a.b10809879$b23-02-17$c28-06-02 912 $a991001165789707536 945 $aLE013 68Q FOG11 (1990)$g1$i2013000119601$lle013$o-$pE0.00$q-$rl$s- $t0$u0$v0$w0$x0$y.i10915114$z28-06-02 996 $aNeurocomputing$91455826 997 $aUNISALENTO 998 $ale013$b01-01-94$cm$da $e-$feng$gxx $h0$i1